000 00314cam a2200145ua 4500
001 4321
008 120524n II |||gr||||Z||||||eng
040 _aMAIN
041 _aEnglish
082 _a809 MAL
100 _aMALANIYA , P.M.
245 _aPRACTICAL CRITICISM
653 _aCRITICISM LITERATURE
942 _cBK
999 _c4308
_d4308